000 00323nam a22001457a 4500
003 SGT
020 _a9789380231150
082 _a349.095 4,DIW
100 _aDIWAN,PARAS
245 _aMODERN HINDU LAW
260 _aFARIDABAD
_bALLAHABAD LAW AGENCY
_c2016
300 _a632
650 _a HINDU LAW
942 _2ddc
_cBK
_018
999 _c10613
_d10613